Score 0/20 Timer 05:00
0 Plays Today
Description Misspelled Product % Correct
I guess Snap, Crackle and Pop flunked EnglishRice Krispies
92.8%
Silly rabbit, spelling is for humansTrix
84.2%
Apparently, Toucan Sam also struggles with spellingFroot Loops
74.4%
This klassic doughnut kompany kame into being in 1937Krispy Kreme
72.9%
It's the spelling of this taffy that should make us 'laugh'Laffy Taffy
71.6%
Did Homer Simpson name this colorful, clay-like modeling compound for kids?Play-Doh
69.4%
This added-filling Oreo needs to add a letterDouble Stuf
60.2%
At least Kellogg's spelled 'It' right when naming its orange square crackerCheez-It
55.6%
Maybe the person who coined Kix also came up with these straws filled with powdered candyPixy Stix
54.3%
This light box toy with colored pegs may be bright but whoever spelled its name was notLite Brite
54.1%
Description Misspelled Product % Correct
The spelling of this top-selling flavored drink mix is hard to swallowKool-Aid
47.2%
Few English teachers 'love' the spelling of these disposable diapersLuvs
45.2%
Tastes great! Less filling! Poor spelling!Miller Lite
41.6%
This educational toy maker needs some 'schooling'Playskool
40.5%
Whoever named this individually wrapped bubble gum had trubble with spellingDubble Bubble
38.3%
Chicken in a ___ crackers – loaded with artificial ingredients and an artificial spellingBiskit
31.4%
These coconut-covered, cream-filled Hostess cakes are missing nutritional value...and a letterSno Balls
30.9%
The creator of this orange-flavored soft drink must have mist spelling classSunkist
28%
The misspelled name of this construction toy must have 'connected' with focus groupsK'Nex
22.4%
This Hershey Miniatures chocolate contains crisped rice and a misspellingKrackel
22.4%

You're not logged in!

Compare scores with friends on all Sporcle quizzes.
OR
Log In

Sporcle TV

Today on Sporcle TV


Watch our educational content, quiz creation guides, and fun videos on Sporcle TV.

Show Comments

Extras

Top Quizzes Today


Score Distribution

Paid Content

Your Account Isn't Verified!

In order to create a playlist on Sporcle, you need to verify the email address you used during registration. Go to your Sporcle Settings to finish the process.

Report this User

Report this user for behavior that violates our Community Guidelines.

Details: